000 00434nam a2200205Ia 4500
001 13070
003 GE_BSU
008 181216s||||||||xx |||||||||||||| ||und||
020 _a9780333711637
040 _cGE_BSU
080 _a821.111-3
100 _aSmith,Wilbur.
245 _aBirds of Prey.
260 _aLondon.
260 _bMacmillan.
260 _c1997
300 _a554p;24cm.
653 _aBirds of Prey.
942 _cBK
999 _c46237
_d46237